[Event "Subotica-ch op"]
[Site "Subotica"]
[Date "2020.03.06"]
[Round "6"]
[White "Avram, Veso"]
[Black "Zvicer, Djordjije"]
[Result "1-0"]
[WhiteElo "2034"]
[BlackElo "2111"]
[PlyCount "117"]
[EventDate "2020.02.24"]
[EventType "swiss"]
[EventRounds "9"]
[EventCountry "SRB"]
[SourceTitle "CBM 195 Extra"]
[Source "ChessBase"]
[SourceDate "2020.05.31"]
[SourceVersion "1"]
[SourceVersionDate "2020.05.31"]
[SourceQuality "1"]

1. d4 g6 2. Nf3 Bg7 3. Bg5 d6 4. c3 Nf6 5. Nbd2 0-0 6. e4 a6 7. a4 b6 8. Be2 Bb7 9. Qc2 Nbd7 10. 0-0 c5 11. d5 Qc7 12. Rfe1 Rae8 13. Rad1 h6 14. Bh4 Nh5 15. Nf1 Bc8 16. Ne3 Nf4 17. Bf1 Nf6 18. h3 Qb7 19. Kh2 b5 20. axb5 axb5 21. g3 N4h5 22. g4 Nf4 23. Bg3 g5 24. Bxf4 gxf4 25. Ng2 Nxg4+ 26. hxg4 Bxg4 27. Be2 e5 28. Nfh4 Bc8 29. Rg1 Kh8 30. Qd3 c4 31. Qf3 f5 32. Ng6+ Kh7 33. Nxf8+ Rxf8 34. Nh4 Qf7 35. Nxf5 Bxf5 36. exf5 e4 37. Qg4 f3 38. Qxg7+ Qxg7 39. Rxg7+ Kxg7 40. Bf1 Rxf5 41. Bh3 Re5 42. Kg3 Kf6 43. Bd7 Re7 44. Be6 Ke5 45. Rg1 Rg7+ 46. Kh2 Ra7 47. Rg8 Ra2 48. Rf8 e3 49. Rxf3 exf2 50. Rxf2 b4 51. Kg3 bxc3 52. bxc3 Ra3 53. Re2+ Kf6 54. Re3 Kg5 55. Kf3 h5 56. Ke4 Ra1 57. Kd4 Rf1 58. Kxc4 h4 59. Kb5 1-0

[Event "Backa Topola-ch"]
[Site "Backa Topola"]
[Date "2019.11.29"]
[Round "3"]
[White "Tovilovic, Milomir"]
[Black "Zvicer, Djordjije"]
[Result "1-0"]
[WhiteElo "2258"]
[BlackElo "2113"]
[PlyCount "141"]
[EventDate "2019.11.25"]
[EventType "swiss"]
[EventRounds "9"]
[EventCountry "SRB"]
[SourceTitle "CBM 193 Extra"]
[Source "ChessBase"]
[SourceDate "2020.01.31"]
[SourceVersion "1"]
[SourceVersionDate "2020.01.31"]
[SourceQuality "1"]

1. e4 g6 2. d4 Bg7 3. Nf3 d6 4. h3 a6 5. Bd3 Nd7 6. 0-0 c5 7. c3 Ngf6 8. a4 0-0 9. Re1 b6 10. e5 dxe5 11. dxe5 Ne8 12. Be4 Rb8 13. e6 fxe6 14. Ng5 Nc7 15. Na3 b5 16. axb5 axb5 17. Be3 Bb7 18. Nxb5 Bxe4 19. Nxc7 Qxc7 20. Nxe4 Rxb2 21. Qa4 Rc8 22. Qc4 Qe5 23. Ng5 Nf8 24. Rac1 Qd5 25. Qh4 h6 26. Nf3 g5 27. Qg4 Qf5 28. Qc4 Qd5 29. Qg4 Qf5 30. Qa4 Kf7 31. h4 Bf6 32. h5 Rcb8 33. Qc4 Qd5 34. Qxc5 g4 35. Qxd5 exd5 36. Nh2 g3 37. Ng4 gxf2+ 38. Bxf2 Bg5 39. Rcd1 e6 40. Bd4 Rc2 41. Rb1 Rxb1 42. Rxb1 Rc1+ 43. Rxc1 Bxc1 44. Ne5+ Ke7 45. Kf2 Nd7 46. Ng4 Kf7 47. Kf3 Bg5 48. g3 Bc1 49. Ke2 Bg5 50. Kd3 Bc1 51. Kc2 Bg5 52. Kb3 e5 53. Nxe5+ Nxe5 54. Bxe5 Ke6 55. Bg7 Kf5 56. Kb4 Kg4 57. Kc5 Kxg3 58. Kxd5 Kg4 59. c4 Kxh5 60. c5 Kg6 61. c6 Bd8 62. Bf8 h5 63. Ke6 Ba5 64. Be7 Bb6 65. Kd7 Kf5 66. Bd8 Bxd8 67. Kxd8 h4 68. c7 Kg4 69. c8Q+ Kg3 70. Qc3+ Kg4 71. Qe1 1-0

[Event "Backa Topola-ch"]
[Site "Backa Topola"]
[Date "2019.11.27"]
[Round "2"]
[White "Zvicer, Djordjije"]
[Black "Slavic, Nikola"]
[Result "1-0"]
[WhiteElo "2113"]
[BlackElo "1964"]
[PlyCount "93"]
[EventDate "2019.11.25"]
[EventType "swiss"]
[EventRounds "9"]
[EventCountry "SRB"]
[SourceTitle "CBM 193 Extra"]
[Source "ChessBase"]
[SourceDate "2020.01.31"]
[SourceVersion "1"]
[SourceVersionDate "2020.01.31"]
[SourceQuality "1"]

1. a3 d5 2. Nf3 Nf6 3. g3 e6 4. Bg2 Be7 5. 0-0 0-0 6. b4 Nbd7 7. Bb2 c5 8. bxc5 Bxc5 9. c4 Qb6 10. Qc2 d4 11. d3 e5 12. Nbd2 Re8 13. Nb3 Bf8 14. Nfd2 Nc5 15. Nxc5 Bxc5 16. a4 Be6 17. a5 Qc7 18. a6 b6 19. Bxa8 Rxa8 20. Nb3 Bh3 21. Rfc1 Qc6 22. f3 e4 23. Nxc5 Qxc5 24. Rcb1 h5 25. Ba3 Qg5 26. Qc1 e3 27. Bd6 h4 28. Rb5 Qg6 29. c5 hxg3 30. hxg3 Rc8 31. Qe1 Bd7 32. cxb6 Bxb5 33. b7 Re8 34. b8Q Rxb8 35. Bxb8 Nh5 36. g4 f5 37. Qh4 Nf6 38. g5 Nd7 39. Bxa7 Bxd3 40. exd3 Ne5 41. Kg2 Nxd3 42. Bxd4 e2 43. a7 e1Q 44. Rxe1 Nxe1+ 45. Qxe1 Qxg5+ 46. Qg3 Qd2+ 47. Bf2 1-0

[Event "Backa Topola-ch"]
[Site "Backa Topola"]
[Date "2019.11.25"]
[Round "1"]
[White "Kovac, Imre"]
[Black "Zvicer, Djordjije"]
[Result "0-1"]
[WhiteElo "1825"]
[BlackElo "2113"]
[PlyCount "46"]
[EventDate "2019.11.25"]
[EventType "swiss"]
[EventRounds "9"]
[EventCountry "SRB"]
[SourceTitle "CBM 193 Extra"]
[Source "ChessBase"]
[SourceDate "2020.01.31"]
[SourceVersion "1"]
[SourceVersionDate "2020.01.31"]
[SourceQuality "1"]

1. e4 Nf6 2. e5 Nd5 3. d4 d6 4. c4 Nb6 5. exd6 cxd6 6. Nc3 g6 7. Nf3 Bg7 8. Be3 0-0 9. Be2 Nc6 10. a3 Bg4 11. b3 e5 12. dxe5 dxe5 13. Rc1 Qe7 14. c5 Rad8 15. Qc2 Bf5 16. Qa2 Nd5 17. Nxd5 Rxd5 18. Bc4 Rd7 19. b4 e4 20. Nd2 Ne5 21. c6 bxc6 22. Bc5 Qg5 23. g3 Rxd2 0-1

[Event "Subotica City-ch"]
[Site "Subotica"]
[Date "2019.03.01"]
[Round "3"]
[White "Tomik, Lajos"]
[Black "Zvicer, Djordjije"]
[Result "1/2-1/2"]
[WhiteElo "1982"]
[BlackElo "2116"]
[PlyCount "126"]
[EventDate "2019.02.25"]
[EventType "swiss"]
[EventRounds "9"]
[EventCountry "SRB"]
[SourceTitle "CBM 189 Extra"]
[Source "ChessBase"]
[SourceDate "2019.06.03"]
[SourceVersion "1"]
[SourceVersionDate "2019.06.03"]
[SourceQuality "1"]

1. d4 Nf6 2. g3 g6 3. Bg2 Bg7 4. Nc3 0-0 5. e4 d6 6. Nge2 Nbd7 7. 0-0 c5 8. a4 Rb8 9. h3 b6 10. Re1 Bb7 11. d5 a6 12. Rb1 b5 13. axb5 Qa5 14. bxa6 Bxa6 15. Bd2 Rfc8 16. Ra1 Qb6 17. Na4 Qb7 18. Bc3 Bb5 19. b3 Ra8 20. Rb1 Qa6 21. Nb2 Nb6 22. Bxf6 Bxf6 23. c4 Be8 24. Nd3 Nd7 25. f4 Rab8 26. Kh2 Qa3 27. Ng1 Rb6 28. e5 Bg7 29. Nf3 Rcb8 30. Nd2 Qa7 31. h4 Qc7 32. Qe2 Nf8 33. h5 gxh5 34. exd6 exd6 35. Qxh5 Bc3 36. Qg5+ Ng6 37. f5 f6 38. Qh6 Ne5 39. Nxe5 Bxe5 40. Re4 Qf7 41. Bf3 Ra6 42. Rbe1 Kh8 43. Qh3 Bd7 44. Bh5 Qg7 45. Rh4 Bxf5 46. Bg4 Bxg4 47. Rxg4 Qf7 48. Nf3 Rxb3 49. Nxe5 fxe5 50. Rf1 Ra2+ 51. Kg1 Rf3 52. Rf4 Rxf4 53. gxf4 exf4 54. Kh1 Qg6 55. Qc8+ Kg7 56. Rg1 Ra1 57. Qd7+ Kf8 58. Rxa1 Qe4+ 59. Kh2 Qe2+ 60. Kh3 Qh5+ 61. Kg2 Qe2+ 62. Kh3 Qh5+ 63. Kg2 Qe2+ 1/2-1/2